Library Banner

Shikast (Urdu) (Record no. 44724)

MARC details
000 -LEADER
fixed length control field 00456nam a2200181Ia 4500
001 - CONTROL NUMBER
control field 46775
008 - FIXED-LENGTH DATA ELEMENTS--GENERAL INFORMATION
fixed length control field 140429s9999 xx 000 0 und d
020 ## - INTERNATIONAL STANDARD BOOK NUMBER
International Standard Book Number NA
040 ## - CATALOGING SOURCE
Transcribing agency PK-LaUMT
082 ## - DEWEY DECIMAL CLASSIFICATION NUMBER
Classification number RHC 891.4393
Item number KRI-S
100 ## - MAIN ENTRY--PERSONAL NAME
Personal name Krishan, Chandar
245 ## - TITLE STATEMENT
Title Shikast (Urdu)
Remainder of title ek novel
Statement of responsibility, etc Krishan, Chandar
260 ## - PUBLICATION, DISTRIBUTION, ETC. (IMPRINT)
Place of publication, distribution, etc Dehli,India:
Name of publisher, distributor, etc Shahdi Ahmad Dehlvi,
Date of publication, distribution, etc NA
300 ## - PHYSICAL DESCRIPTION
Extent 288 p.
546 ## - LANGUAGE NOTE
Language note UR
650 ## - SUBJECT ADDED ENTRY--TOPICAL TERM
Topical term or geographic name as entry element Pakistani literature-Urdu
942 ## - ADDED ENTRY ELEMENTS (KOHA)
Koha item type Books
Holdings
Withdrawn status Lost status Damaged status Not for loan Home library Current library Date acquired Total Checkouts Full call number Barcode Date last seen Date checked out Price effective from Koha item type
        UMT Main Campus UMT Main Campus 2014-04-29 3 RHC 891.4393 KRI-S 55899 2020-12-08 2020-11-25 2014-05-06 Books